000 00998nam a22003137a 4500
001 BR0204965
003 BR-BrBNA
005 20230928101159.0
007 ta
008 230509b bl.||||| |||| 00| 0 por d
040 _aBR-BrBNA
_bpor
_cBiblioteca Nacional de Agricultura
041 _a(Por)
072 _aH20; D50
_b1000
_b4110
090 _ 1000 BR0204965
100 1 _aRodrigues Neto, J.
100 1 _aRibeiro, J.G.B.
110 1 _aMinistério da Agricultura, Pecuária e Abastecimento, Brasília, DF (Brasil). Secretaria de Defesa Agropecuária
245 1 _aManual técnico de procedimentos do cancro cítrico; projeto CE-MERCOSUL ALA 93/143 agrícola
260 3 _aBrasília, DF (Brasil):
_c2002.
300 _a66 p.
500 _a26 illus.; Bibliography p. 30-34
650 _aCANCRO CÍTRICO
650 _aDOENÇA DE PLANTA
650 _aERRADICAÇÃO
650 _aCONTROLE INTEGRADO
650 _aLEGISLAÇÃO
909 _a202309
_bLucia
_c55
_dLucia Elande
942 _cBK
999 _c64607
_d64607